000 00699nam a2200205 4500
001 148229
003 ES-MaACL
005 20250822055323.0
007 t|
008 070214s1922 sp r ||||1| spa d
100 1 _aStolz, Friedrich.
_9108298
245 1 0 _aHistoria de la lengua latina /
_cF. Stolz ; traducción de Américo Castro.
260 _aMadrid :
_bVictoriano Suarez,
_c1922 (
_fImp. Clásica Española)
300 _a300 p. ;
_c16 cm.
490 1 _aBiblioteca española de divulgación científica
700 1 _aCastro, Américo,
_d1885-1972
_9226525
830 0 _aBiblioteca española de divulgación científica
_9182306
852 _aES-MaACL
_jB-13273
999 _c148229
_d148229